000 00997cam a2200193 a 4500
020 _a9789251071656
020 _a9251071659
040 _cAU@
082 0 4 _a630 FAO 2011 A052 Or.
245 0 0 _aIntroduction to the International Treaty on Plant Genetic Resources for Food and Agriculture.
260 _aRome :
_bFAO,
_c2011.
300 _aix, 155 p. :
_bcol. ill., maps (some col.) ;
_c30 cm.
500 _a"Introduction to the International Treaty on Plant Genetic Resources for Food and Agriculture is the first in a series of comprehensive educational modules being developed in response to the need voiced by many Contracting Parties and stakeholder groups to strengthen capacities and increase knowledge on the operation and importance of the International Treaty."--Back cover.
650 0 _aSustainable agriculture.
650 0 _aAgricultural conservation.
650 0 _aGermplasm resources, Plant.
710 2 _aFood and Agriculture Organization of the United Nations.
942 _cEK
999 _c14741
_d14741